000 00355nam a2200145Ia 4500
008 260330s9999 xx 000 0 und d
020 _a9.7893840078e+012
082 _a650
_bMAD/I
100 _aMadura, Jeef
245 0 _aIntroduction to Business
250 _a5th
260 _aNew Delhi
_bMedtech Science Press
_c2020
300 _a694p.
942 _cBK
999 _c53727
_d53727